[Event "Heusenstamm Sparkassen op-B 7th"]
[Site "Heusenstamm"]
[Date "2021.11.21"]
[Round "6.41"]
[White "Merz, Leander1"]
[Black "Nimrichter, Christian"]
[Result "0-1"]
[WhiteElo "1268"]
[BlackElo "1446"]
[PlyCount "84"]
[EventDate "2021.11.18"]
[EventType "swiss"]
[EventRounds "7"]
[EventCountry "GER"]
[SourceTitle "EXT 2023"]
[Source "ChessBase"]
[SourceDate "2022.10.05"]
[SourceVersion "1"]
[SourceVersionDate "2022.10.05"]
[SourceQuality "1"]

1. d4 d5 2. c4 c5 3. Bf4 e6 4. e3 Bd6 5. Bg3 Nf6 6. Nc3 0-0 7. Bd3 dxc4 8. Bxc4 cxd4 9. Qxd4 Bxg3 10. hxg3 Qxd4 11. exd4 a6 12. Nf3 b5 13. Bb3 Rd8 14. 0-0-0 Bb7 15. Rhe1 Nbd7 16. a3 Nb6 17. Kb1 Bxf3 18. gxf3 Rac8 19. Re5 g6 20. Ne4 Nxe4 21. fxe4 Nc4 22. Rg5 h6 23. Rg4 Kg7 24. d5 e5 25. Rh4 Nd6 26. Bc2 f6 27. Rhh1 Rh8 28. Bd3 a5 29. Rc1 b4 30. a4 Rxc1+ 31. Rxc1 Rc8 32. Rc6 Rxc6 33. dxc6 Kf7 34. Kc2 Ke7 35. f3 Kd8 36. Bb5 h5 37. Kd3 g5 38. Ke3 Kc7 39. b3 Nxb5 40. axb5 h4 41. gxh4 gxh4 42. f4 h3 0-1

[Event "Heusenstamm Sparkassen op-B 5th"]
[Site "Heusenstamm"]
[Date "2018.11.25"]
[Round "7"]
[White "Janssen, Norbert"]
[Black "Nimrichter, Christian"]
[Result "1-0"]
[WhiteElo "1647"]
[BlackElo "1378"]
[PlyCount "155"]
[EventDate "2018.11.22"]
[EventType "swiss"]
[EventRounds "7"]
[EventCountry "GER"]
[SourceTitle "CBM 187 Extra"]
[Source "ChessBase"]
[SourceDate "2018.11.04"]
[SourceVersion "1"]
[SourceVersionDate "2018.11.04"]
[SourceQuality "1"]

1. d4 d5 2. Nf3 Nc6 3. Bf4 Nf6 4. e3 Nh5 5. Bg3 Nxg3 6. hxg3 Bf5 7. Bd3 Qd7 8. c3 0-0-0 9. Qc2 Bxd3 10. Qxd3 f6 11. Rxh7 Rxh7 12. Qxh7 e5 13. dxe5 Nxe5 14. Nxe5 fxe5 15. Qh3 g6 16. Nd2 Qf5 17. Qxf5+ gxf5 18. Nb3 Bd6 19. f4 Rg8 20. Kf2 e4 21. Nd4 Rf8 22. Rh1 c5 23. Ne2 Kd7 24. Rh7+ Kc6 25. Ke1 a5 26. Kd2 b5 27. Rh5 b4 28. Kc2 a4 29. cxb4 cxb4 30. Nd4+ Kb6 31. Rxf5 Rh8 32. Rxd5 Bc5 33. Kd2 Rh2 34. Ne2 Rxg2 35. Re5 b3 36. axb3 Bb4+ 37. Kd1 axb3 38. Rxe4 Kc5 39. Re5+ Kc4 40. Re4+ Kc5 41. Re5+ Kc4 42. Re4+ Kc5 43. Rxb4 Kxb4 44. Kd2 Kc4 45. e4 Rh2 46. Ke3 Kc5 47. e5 Kd5 48. Nc3+ Ke6 49. Ne2 Rh8 50. Nd4+ Kf7 51. Nxb3 Rb8 52. Nc5 Rxb2 53. Kf3 Rc2 54. Ne4 Rc1 55. Kg4 Re1 56. Kf5 Re3 57. Nd6+ Ke7 58. g4 Rh3 59. g5 Rh8 60. Ne4 Rf8+ 61. Nf6 Kf7 62. e6+ Ke7 63. Ke5 Ra8 64. Nd5+ Kf8 65. f5 Rb8 66. Kf6 Kg8 67. Ne7+ Kh8 68. Ng6+ Kg8 69. Ne5 Rf8+ 70. Nf7 Ra8 71. g6 Rf8 72. g7 Ra8 73. Nh6+ Kh7 74. g8Q+ Rxg8 75. Nxg8 Kxg8 76. e7 Kh7 77. e8Q Kh6 78. Qh8# 1-0

[Event "Heusenstamm Sparkassen op-B 5th"]
[Site "Heusenstamm"]
[Date "2018.11.22"]
[Round "1"]
[White "Von Beckh, Frieda"]
[Black "Nimrichter, Christian"]
[Result "0-1"]
[WhiteElo "1262"]
[BlackElo "1378"]
[PlyCount "122"]
[EventDate "2018.11.22"]
[EventType "swiss"]
[EventRounds "7"]
[EventCountry "GER"]
[SourceTitle "CBM 187 Extra"]
[Source "ChessBase"]
[SourceDate "2018.11.04"]
[SourceVersion "1"]
[SourceVersionDate "2018.11.04"]
[SourceQuality "1"]

1. e4 d5 2. exd5 Nf6 3. d4 Nxd5 4. Nf3 Bf5 5. Bc4 e6 6. 0-0 c6 7. Re1 Bd6 8. Bd2 0-0 9. Nc3 Nb6 10. Bb3 N8d7 11. Bg5 Nf6 12. Ne5 Bxe5 13. dxe5 Qxd1 14. Raxd1 Nfd5 15. Ne4 h6 16. Be3 Bxe4 17. Bxb6 Bxc2 18. Bxc2 axb6 19. a3 b5 20. h3 Rfd8 21. Rd3 Nb6 22. Red1 Rxd3 23. Rxd3 Nc4 24. Rd7 Rb8 25. b3 Nxe5 26. Re7 Kf8 27. Rc7 Ke8 28. f4 Kd8 29. Rxb7 Nf3+ 30. Kf2 Rxb7 31. Kxf3 f5 32. g4 g6 33. h4 c5 34. h5 gxh5 35. gxh5 c4 36. Ke3 Rd7 37. Ke2 cxb3 38. Bxb3 Rd4 39. Ke3 Re4+ 40. Kf3 Ke7 41. Bc2 Re1 42. a4 bxa4 43. Bxa4 Rh1 44. Kg3 Rxh5 45. Bd1 Rh1 46. Bf3 Ra1 47. Kg2 Ra2+ 48. Kg3 Ra3 49. Kg2 Kf6 50. Kg3 h5 51. Kg2 h4 52. Bc6 Rg3+ 53. Kh2 Rg4 54. Kh3 Rxf4 55. Bg2 e5 56. Bd5 e4 57. Bxe4 fxe4 58. Kg2 e3 59. Kh2 e2 60. Kg2 e1Q 61. Kh3 Qh1# 0-1